000 01448nam a2200253Ia 4500
999 _c55934
_d55934
001 23033
003 GE_BSU
005 20230627173457.0
008 181216s||||||||xx |||||||||||||| ||und||
020 _a99928-65-37-7
040 _cGE_BSU
041 _ageo
080 _a821.14'01-394(075.8) დ-45
245 _aდიდი ზეციური ღმერთები :
_bდამხმარე სახელმძღვ. /
_cსერიის სარედ.კოლეგ. რისმაგ გორდეზაინი (მთ.რედ.), ლაშა ბერაია, ვალერი ასათიანი და სხვ. ; თხრობა და კომენტარები ნანა ტონიასი.
250 _aმე-2 შესწორებული გამოცემა
264 _aთბილისი :
_bლოგოსი,
_c1999.
300 _a168 გვ. ;
_c19 სმ.
490 _aბერძნული მითების სამყარო
541 _h5 ლ.
653 _aდიდი ზეციური ღმერთები
653 _aძველი ბერძნული მითოლოგია
710 _aთსუ
_bკლასიკური ფილოლოგის, ბიზანტინისტიკსა და ნეოგრეცისტიკის ინსტიტუტი
_919019
942 _cBK
_2udc